000 00495nam a22001817a 4500
001 00028796
005 20260416141157.0
008 260416b ag ||||| |||| 00| 0 spa d
040 _bspa
_cAR-CcCEOS
080 _a159.2
090 _bBOU
100 1 _aBouchard, François
_91064
245 _aEl hombre de mañana :
_bentre el Ateísmo y Cristo /
_cBouchard Francois
260 _aBogotá :
_bPaulina,
_cc1968.
300 _a284 p. ;
_c24x15 cm.
650 0 _apsicología
942 _2udc
_cBK
999 _c28832
_d28832
945 _a66467
_bMelina Rolando
_c66467
_dMelina Rolando